[Event "Paul Keres mem. (43rd)"]
[Site "Richmond CAN"]
[Date "2018.05.19"]
[Round "2.11"]
[White "Moura, Eduardo"]
[Black "Orlov, Georgi"]
[Result "1/2-1/2"]
[WhiteElo "2055"]
[BlackElo "2526"]
[PlyCount "97"]
[EventDate "2018.05.19"]
[EventType "swiss"]
[EventRounds "6"]
[EventCountry "CAN"]

1. e4 d6 2. d4 Nf6 3. Nc3 g6 4. Nf3 Bg7 5. h3 O-O 6. Be2 c5 7. O-O cxd4 8. Nxd4
Nc6 9. Be3 Bd7 10. Qd2 a6 11. a4 Rc8 12. Nxc6 Bxc6 13. f3 Nh5 14. Bd4 Bxd4+ 15.
Qxd4 Nf4 16. Rfd1 Qa5 17. Bf1 Rfd8 18. g3 e5 19. Qf2 Nh5 20. Nd5 Bxd5 21. Rxd5
Rc5 22. Bc4 Qb4 23. b3 Rxd5 24. Bxd5 Nxg3 25. a5 Ne2+ 26. Kh2 Nc3 27. Bc4 Kg7
28. Qd2 d5 29. exd5 Nxd5 30. Rd1 Nc3 31. Qxd8 Nxd1 32. Qxd1 Qxa5 33. Qd7 Kh6
34. Bxf7 e4 35. f4 Qe1 36. Qg4 Qd2+ 37. Kh1 Qc1+ 38. Kh2 Qxc2+ 39. Qg2 Qc7 40.
Qg5+ Kg7 41. Bd5 e3 42. Kg3 Qc1 43. Qe5+ Kh6 44. Qg5+ Kg7 45. Qe5+ Kh6 46. Kf3
Qe1 47. Qg5+ Kg7 48. Qe5+ Kh6 49. Qg5+ 1/2-1/2

[Event "Paul Keres mem. (43rd)"]
[Site "Richmond CAN"]
[Date "2018.05.20"]
[Round "3.1"]
[White "Sali, Zulfikar"]
[Black "Sohal, Tanraj"]
[Result "0-1"]
[WhiteElo "2264"]
[BlackElo "2364"]
[PlyCount "78"]
[EventDate "2018.05.19"]
[EventType "swiss"]
[EventRounds "6"]
[EventCountry "CAN"]

1. e4 c5 2. Nf3 e6 3. g3 Nc6 4. Bg2 Nf6 5. Qe2 e5 6. O-O Be7 7. c3 O-O 8. d3 d6
9. Rd1 Bg4 10. h3 Bh5 11. g4 Bg6 12. Nh4 Ne8 13. Nf5 Nc7 14. Nd2 Ne6 15. Nf1
Bg5 16. N1e3 Nf4 17. Qf3 h6 18. Bf1 Bh7 19. Nd5 Nxd5 20. exd5 Ne7 21. Bxg5 hxg5
22. d4 cxd4 23. cxd4 Nxf5 24. gxf5 exd4 25. Rxd4 Qf6 26. Rb4 b6 27. Bd3 Rfe8
28. Rc1 Re5 29. Rbc4 Bxf5 30. Rc7 Bxd3 31. Qxd3 g6 32. Rd7 Rf5 33. Rc2 Re8 34.
Rxa7 Rf3 35. Qb5 Re1+ 36. Kg2 Qf5 37. Qd7 Qxc2 38. Kxf3 Qe4+ 39. Kg3 Rg1+ 0-1

[Event "Paul Keres mem. (43rd)"]
[Site "Richmond CAN"]
[Date "2018.05.20"]
[Round "3.4"]
[White "Gu, Chuyang"]
[Black "MacKinnon, Keith"]
[Result "1/2-1/2"]
[WhiteElo "1862"]
[BlackElo "2282"]
[PlyCount "77"]
[EventDate "2018.05.19"]
[EventType "swiss"]
[EventRounds "6"]
[EventCountry "CAN"]

1. e4 d5 2. exd5 Qxd5 3. Nc3 Qd6 4. d4 Nf6 5. Nf3 a6 6. g3 Bg4 7. Bg2 c6 8. O-O
e6 9. Bf4 Qd8 10. Qd2 Be7 11. Rfe1 O-O 12. Ne5 Bf5 13. Rad1 Nbd7 14. Ne4 Nxe4
15. Bxe4 Bxe4 16. Nxd7 Qxd7 17. Rxe4 Qd5 18. Ree1 Qxa2 19. b3 Qa3 20. Qd3 Bf6
21. Be5 Qe7 22. c4 Rfd8 23. Qf3 Bxe5 24. Rxe5 Qf6 25. Qe4 Qg6 26. Qf3 Rac8 27.
d5 cxd5 28. cxd5 Qc2 29. Rde1 Rc3 30. Qf4 Rxb3 31. dxe6 fxe6 32. Rxe6 Rb1 33.
Rxb1 Qxb1+ 34. Kg2 Qa2 35. Re7 Qd5+ 36. Kg1 a5 37. Qc7 Qd1+ 38. Kg2 Qd5+ 39.
Kg1 1/2-1/2

[Event "Paul Keres mem. (43rd)"]
[Site "Richmond CAN"]
[Date "2018.05.20"]
[Round "3.5"]
[White "Cheng, Louis"]
[Black "Kitsis, Stan"]
[Result "1-0"]
[WhiteElo "2112"]
[BlackElo "2197"]
[PlyCount "105"]
[EventDate "2018.05.19"]
[EventType "swiss"]
[EventRounds "6"]
[EventCountry "CAN"]

1. d4 g6 2. e4 Bg7 3. Bc4 d6 4. Ne2 Nf6 5. Ng3 O-O 6. O-O e5 7. d5 Ng4 8. Be2
Nh6 9. f4 exf4 10. Bxf4 Qh4 11. Qc1 Ng4 12. Bxg4 Qxg4 13. Rf3 Qd7 14. Nc3 Qe7
15. Bh6 Bg4 16. Bxg7 Kxg7 17. Rf4 Bd7 18. Nd1 Na6 19. Nf2 h5 20. h4 Rae8 21.
Nd3 Bg4 22. Qe1 Nb8 23. Qc3+ Kg8 24. Nf2 Qxh4 25. Nxg4 hxg4 26. Kf2 Qg5 27. Ne2
g3+ 28. Qxg3 Qxg3+ 29. Nxg3 Kg7 30. Rh1 Rh8 31. Rxh8 Rxh8 32. Rf3 Nd7 33. Rb3
Nc5 34. Ra3 a6 35. b4 Nd7 36. Rc3 Rc8 37. Nf1 Ne5 38. Nd2 c6 39. Nb3 Rh8 40.
Na5 cxd5 41. exd5 b5 42. Rc7 Rh4 43. c3 Rf4+ 44. Ke3 Rg4 45. Nb7 Nc4+ 46. Kf3
Rg5 47. Nd8 Rxd5 48. Rxf7+ Kh6 49. Ra7 Rd3+ 50. Kf4 Rxc3 51. Nf7+ Kg7 52. Nxd6+
Kf6 53. Ne4+ 1-0

[Event "Paul Keres mem. (43rd)"]
[Site "Richmond CAN"]
[Date "2018.05.20"]
[Round "3.6"]
[White "Yoos, John"]
[Black "Schnabel, Bennett"]
[Result "1-0"]
[WhiteElo "2361"]
[BlackElo "2101"]
[PlyCount "61"]
[EventDate "2018.05.19"]
[EventType "swiss"]
[EventRounds "6"]
[EventCountry "CAN"]

1. e4 c5 2. Nf3 d6 3. d4 cxd4 4. Nxd4 Nf6 5. Nc3 g6 6. Be3 a6 7. f3 Bg7 8. Qd2
h5 9. Bc4 Nbd7 10. O-O-O b5 11. Bb3 Bb7 12. Rhe1 Rc8 13. Bg5 Rc5 14. Kb1 Ne5
15. h3 Qc7 16. f4 Nc4 17. Bxc4 Rxc4 18. e5 dxe5 19. fxe5 Nh7 20. Ndxb5 axb5 21.
Nxb5 Qc8 22. Nd6+ exd6 23. exd6+ Kd7 24. Re7+ Kc6 25. Qa5 Nxg5 26. Rc7+ Qxc7
27. Qxc7+ Kb5 28. Qxb7+ Ka4 29. Qa6+ Kb4 30. Qb6+ Ka4 31. b3+ 1-0

[Event "Paul Keres mem. (43rd)"]
[Site "Richmond CAN"]
[Date "2018.05.20"]
[Round "3.7"]
[White "Findlay, Ian"]
[Black "Balka, Richard"]
[Result "1-0"]
[WhiteElo "2314"]
[BlackElo "2090"]
[PlyCount "65"]
[EventDate "2018.05.19"]
[EventType "swiss"]
[EventRounds "6"]
[EventCountry "CAN"]

1. e4 e5 2. Nf3 Nc6 3. Bb5 a6 4. Bxc6 dxc6 5. O-O Bg4 6. h3 h5 7. d3 Qf6 8.
Nbd2 Ne7 9. Nc4 Bxf3 10. Qxf3 Qxf3 11. gxf3 Ng6 12. Be3 O-O-O 13. Rfb1 c5 14.
a3 b6 15. Kf1 f6 16. Ke2 Nh4 17. f4 b5 18. Nd2 exf4 19. Bxf4 g5 20. Bg3 Ng6 21.
a4 Kd7 22. axb5 axb5 23. Ra5 Rb8 24. Kf3 h4 25. Bh2 Bd6 26. Kg2 Bxh2 27. Kxh2
Nf4 28. Nb3 Kd6 29. Ra6+ c6 30. d4 cxd4 31. Nxd4 Rhc8 32. Rd1 Kc5 33. Nb3+ 1-0

[Event "Paul Keres mem. (43rd)"]
[Site "Richmond CAN"]
[Date "2018.05.20"]
[Round "3.8"]
[White "Hemstapat, Andrew"]
[Black "Sadoughian-Zadeh, Farshad"]
[Result "1-0"]
[WhiteElo "2242"]
[BlackElo "2090"]
[PlyCount "47"]
[EventDate "2018.05.19"]
[EventType "swiss"]
[EventRounds "6"]
[EventCountry "CAN"]

1. e4 c5 2. Nf3 e6 3. d4 cxd4 4. Nxd4 a6 5. Bd3 Bc5 6. Nb3 Be7 7. Nc3 Qc7 8.
Be3 d6 9. f4 Nf6 10. Qf3 Nc6 11. g4 O-O 12. g5 Nd7 13. O-O-O b5 14. e5 dxe5 15.
Be4 Ndb8 16. f5 exf5 17. Bxf5 Bxf5 18. Qxf5 Qc8 19. Qe4 Nd7 20. Nd5 Re8 21.
Rhf1 Nd8 22. Rd3 Rb8 23. Rc3 Qb7 24. Rc7 1-0

[Event "Paul Keres mem. (43rd)"]
[Site "Richmond CAN"]
[Date "2018.05.20"]
[Round "3.9"]
[White "Pechisker, Alfred"]
[Black "Moura, Eduardo"]
[Result "1-0"]
[WhiteElo "2239"]
[BlackElo "2055"]
[PlyCount "123"]
[EventDate "2018.05.19"]
[EventType "swiss"]
[EventRounds "6"]
[EventCountry "CAN"]

1. d4 d5 2. c4 e6 3. Nf3 c5 4. Nc3 Nc6 5. cxd5 exd5 6. Bg5 Be7 7. Bxe7 Ngxe7 8.
e3 cxd4 9. Nxd4 Qb6 10. Qb3 Qxb3 11. Nxb3 O-O 12. Be2 Rd8 13. Rd1 Be6 14. Bf3
Ne5 15. Nd4 Nxf3+ 16. gxf3 Nc6 17. Nce2 Nxd4 18. Nxd4 Kf8 19. Kd2 Ke7 20. h4
Rac8 21. h5 h6 22. Rdg1 Rg8 23. Rg3 Bd7 24. f4 Kf6 25. f3 Bf5 26. Nxf5 Kxf5 27.
Kd3 Rc6 28. Rh4 Re6 29. Kd4 Kf6 30. Rg2 Rge8 31. Re2 Kf5 32. b4 R8e7 33. b5 Kf6
34. Rh1 Kf5 35. Rc1 Rd7 36. Rc5 Red6 37. a4 g6 38. Rh2 gxh5 39. Rc1 Kg6 40.
Rg1+ Kh7 41. Rxh5 Re7 42. f5 Rf6 43. Rg4 Rd6 44. Kc5 Rf6 45. e4 dxe4 46. fxe4
Rb6 47. Kd5 Rd7+ 48. Ke5 f6+ 49. Kf4 Rg7 50. Rxh6+ Kg8 51. Rxg7+ Kxg7 52. Rg6+
Kf7 53. e5 a6 54. Rxf6+ Rxf6 55. exf6 axb5 56. axb5 Kxf6 57. b6 Kf7 58. Ke5 Ke7
59. f6+ Kf7 60. Kf5 Kf8 61. Ke6 Ke8 62. Kd6 1-0

[Event "Paul Keres mem. (43rd)"]
[Site "Richmond CAN"]
[Date "2018.05.20"]
[Round "3.10"]
[White "Hui, Jeremy"]
[Black "Zhou, Aiden"]
[Result "1/2-1/2"]
[WhiteElo "2225"]
[BlackElo "2030"]
[PlyCount "62"]
[EventDate "2018.05.19"]
[EventType "swiss"]
[EventRounds "6"]
[EventCountry "CAN"]

1. e4 c5 2. Nf3 Nc6 3. Bb5 Nf6 4. Nc3 g6 5. Bxc6 dxc6 6. h3 Bg7 7. d3 O-O 8.
Be3 b6 9. Qd2 Re8 10. g4 e5 11. O-O-O Qd6 12. Bh6 b5 13. Nh4 b4 14. Ne2 Be6 15.
Bxg7 Kxg7 16. Nf5+ Bxf5 17. exf5 Qd5 18. Kb1 a5 19. Ng3 a4 20. Nh5+ Nxh5 21.
gxh5 a3 22. b3 Qd4 23. Qc1 gxf5 24. c3 Qxc3 25. Qg5+ Kf8 26. Rd2 Rad8 27. Rc1
Qd4 28. Qh6+ Ke7 29. Qxc6 Qd6 30. Qf3 Kf6 31. Qe3 f4 1/2-1/2

[Event "Paul Keres mem. (43rd)"]
[Site "Richmond CAN"]
[Date "2018.05.20"]
[Round "4.2"]
[White "Cheng, Louis"]
[Black "Nyamdorj, Davaa-Ochir"]
[Result "0-1"]
[WhiteElo "2112"]
[BlackElo "2246"]
[PlyCount "97"]
[EventDate "2018.05.19"]
[EventType "swiss"]
[EventRounds "6"]
[EventCountry "CAN"]

1. d4 Nf6 2. c4 e6 3. Nf3 d5 4. Nc3 Be7 5. Bf4 O-O 6. e3 Nbd7 7. cxd5 exd5 8.
Bd3 c6 9. Ne5 Nxe5 10. Bxe5 Bd6 11. Bg3 Re8 12. Qc2 Bg4 13. h3 Bxg3 14. hxg4
Nxg4 15. Bxh7+ Kf8 16. Nd1 Bxf2+ 17. Nxf2 Qa5+ 18. Qd2 Qxd2+ 19. Kxd2 Nxf2 20.
Rh4 Ne4+ 21. Bxe4 dxe4 22. Rah1 Rad8 23. Rh8+ Ke7 24. R8h7 Rg8 25. R1h4 f5 26.
g4 f4 27. g5 fxe3+ 28. Kxe3 Kf7 29. Rxe4 Rge8 30. Rhh4 Kg6 31. Kf3 Rf8+ 32. Kg3
Rf5 33. Rhg4 Rb5 34. Re6+ Kf7 35. Re2 Rd6 36. a4 Rb3+ 37. Kh4 Rb4 38. Kh5 Rdxd4
39. g6+ Kf6 40. Rf2+ Ke6 41. Rxd4 Rxd4 42. Rf7 Rd7 43. Rf4 c5 44. Re4+ Kf5 45.
Rc4 Rd5 46. b4 Kf6+ 47. Kg4 Rd4+ 48. Rxd4 cxd4 49. Kf4 0-1

[Event "Paul Keres mem. (43rd)"]
[Site "Richmond CAN"]
[Date "2018.05.20"]
[Round "4.3"]
[White "Pechisker, Alfred"]
[Black "Findlay, Ian"]
[Result "0-1"]
[WhiteElo "2239"]
[BlackElo "2314"]
[PlyCount "78"]
[EventDate "2018.05.19"]
[EventType "swiss"]
[EventRounds "6"]
[EventCountry "CAN"]

1. d4 Nf6 2. c4 c5 3. d5 e6 4. Nc3 exd5 5. cxd5 d6 6. e4 g6 7. f3 Bg7 8. Be3
O-O 9. Qd2 Re8 10. Nge2 a6 11. a4 Nbd7 12. Nc1 Nh5 13. g4 Ne5 14. Be2 Qh4+ 15.
Bf2 Qh3 16. Qe3 Nf6 17. Nb3 h5 18. g5 Nh7 19. O-O-O Rb8 20. Nd2 Qd7 21. h3 b5
22. f4 Nc4 23. Bxc4 bxc4 24. Rhe1 Bd4 25. Qg3 Rb4 26. Ndb1 Bxf2 27. Qxf2 Qxh3
28. e5 dxe5 29. Qxc5 Rb8 30. fxe5 Qg2 31. Nd2 Bg4 32. d6 Bxd1 33. Rxd1 Qxg5 34.
d7 Rxe5 35. Qc7 Rd8 36. Kc2 Qf5+ 37. Nde4 Rxe4 38. Nxe4 Qxe4+ 39. Kc3 Qe7 0-1

[Event "Paul Keres mem. (43rd)"]
[Site "Richmond CAN"]
[Date "2018.05.20"]
[Round "4.5"]
[White "MacKinnon, Keith"]
[Black "Blaha, Jiri"]
[Result "1-0"]
[WhiteElo "2282"]
[BlackElo "2189"]
[PlyCount "93"]
[EventDate "2018.05.19"]
[EventType "swiss"]
[EventRounds "6"]
[EventCountry "CAN"]

1. c4 c5 2. Nc3 g6 3. g3 Bg7 4. Bg2 Nc6 5. a3 d6 6. Rb1 a5 7. e3 e5 8. d3 Nge7
9. Nge2 O-O 10. O-O Rb8 11. Nd5 b5 12. cxb5 Rxb5 13. Qa4 Ba6 14. Bd2 Qb8 15. b3
Kh8 16. Nxe7 Nxe7 17. Bxa5 Rxa5 18. Qxa5 Bxd3 19. Nc3 f5 20. b4 Bxb1 21. Rxb1
cxb4 22. Rxb4 Qc8 23. Rb7 e4 24. Rc7 Qa8 25. Qb4 Nd5 26. Nxd5 Qxd5 27. a4 Ra8
28. Bf1 h5 29. h4 Qe5 30. Kg2 Kh7 31. Rd7 Qa1 32. Bb5 Qd1 33. Qd4 Qxd4 34. exd4
Kh6 35. Rxd6 Bf8 36. Re6 Rd8 37. Be8 Rd6 38. Rxd6 Bxd6 39. a5 Kg7 40. a6 Bb8
41. d5 Kf6 42. d6 f4 43. gxf4 Ba7 44. Bxg6 e3 45. fxe3 Bxe3 46. Kf3 Bb6 47. Bf5
1-0

[Event "Paul Keres mem. (43rd)"]
[Site "Richmond CAN"]
[Date "2018.05.20"]
[Round "4.6"]
[White "Botez, Andrea"]
[Black "Sali, Zulfikar"]
[Result "0-1"]
[WhiteElo "1880"]
[BlackElo "2264"]
[PlyCount "78"]
[EventDate "2018.05.19"]
[EventType "swiss"]
[EventRounds "6"]
[EventCountry "CAN"]

1. d4 Nf6 2. Bf4 d6 3. e3 g6 4. Nf3 Bg7 5. Bd3 Nh5 6. Bg5 h6 7. Bh4 g5 8. Nfd2
Nf6 9. Bg3 Nc6 10. c4 O-O 11. Nc3 e5 12. d5 Ne7 13. h4 g4 14. Qc2 Nh5 15. e4 f5
16. exf5 Nxf5 17. Bxf5 Bxf5 18. Nde4 a6 19. Qe2 Nf4 20. Qf1 b5 21. Bxf4 exf4
22. cxb5 Re8 23. f3 Bxc3+ 24. bxc3 Bxe4 25. fxe4 Rxe4+ 26. Kd2 axb5 27. Qxb5
Rb8 28. Qd3 Rb2+ 29. Kc1 Rbe2 30. Rb1 R2e3 31. Qd2 Qf6 32. Rb3 Qe5 33. Kd1 Re2
34. Qd3 Rxa2 35. Rg1 Kg7 36. h5 g3 37. Rh1 Kf6 38. Rb7 Ra1+ 39. Rb1 Ra5 0-1

[Event "Paul Keres mem. (43rd)"]
[Site "Richmond CAN"]
[Date "2018.05.20"]
[Round "4.7"]
[White "Wu, Howard"]
[Black "Hemstapat, Andrew"]
[Result "1/2-1/2"]
[WhiteElo "2172"]
[BlackElo "2242"]
[PlyCount "90"]
[EventDate "2018.05.19"]
[EventType "swiss"]
[EventRounds "6"]
[EventCountry "CAN"]

1. e4 e6 2. d4 d5 3. Nd2 c5 4. exd5 Qxd5 5. Ngf3 cxd4 6. Bc4 Qd6 7. O-O Nf6 8.
Nb3 Nc6 9. Nbxd4 Nxd4 10. Qxd4 Qxd4 11. Nxd4 a6 12. Re1 Bc5 13. Nb3 Be7 14. Bf4
b5 15. Bd3 O-O 16. a4 b4 17. Na5 Bd7 18. Nc4 Nd5 19. Be5 Rfd8 20. Be4 Bc5 21.
a5 Bc6 22. Nb6 Ra7 23. Red1 Re7 24. c4 bxc3 25. bxc3 Rde8 26. c4 Nb4 27. Bxc6
Nxc6 28. Bd6 Bxd6 29. Rxd6 Rc7 30. f4 g6 31. Kf2 h5 32. g3 Kg7 33. h3 Ne7 34.
Rad1 Rc5 35. Rd7 Rxa5 36. Rb7 Ng8 37. Rdd7 Nh6 38. Rbc7 e5 39. Nc8 exf4 40. Nd6
fxg3+ 41. Kf1 h4 42. Nxe8+ Kf8 43. Nd6 Ra1+ 44. Kg2 Ra2+ 45. Kg1 Ra1+ 1/2-1/2

[Event "Paul Keres mem. (43rd)"]
[Site "Richmond CAN"]
[Date "2018.05.20"]
[Round "4.8"]
[White "Orlov, Georgi"]
[Black "Ferguson, Peter"]
[Result "1-0"]
[WhiteElo "2526"]
[BlackElo "1947"]
[PlyCount "71"]
[EventDate "2018.05.19"]
[EventType "swiss"]
[EventRounds "6"]
[EventCountry "CAN"]

1. d4 Nf6 2. Nf3 g6 3. c4 Bg7 4. g3 O-O 5. Bg2 d6 6. Nc3 c6 7. O-O Bg4 8. h3
Bxf3 9. Bxf3 a5 10. Bg2 Qb6 11. b3 Nbd7 12. Be3 Qa6 13. Rc1 Rab8 14. Qd3 Rfd8
15. f4 Nf8 16. g4 d5 17. f5 dxc4 18. bxc4 N8d7 19. Bf4 Rbc8 20. e3 Nb6 21. Ne4
Nxe4 22. Bxe4 c5 23. d5 Nd7 24. d6 Ne5 25. Bxe5 Bxe5 26. fxg6 hxg6 27. Bxg6
Qxd6 28. Bxf7+ Kg7 29. Qf5 Bb2 30. Qg5+ Kh7 31. Rc2 Bg7 32. Qf5+ Kh8 33. Be6
Qg3+ 34. Kh1 Bh6 35. Qh5 Qxe3 36. Re2 1-0

[Event "Paul Keres mem. (43rd)"]
[Site "Richmond CAN"]
[Date "2018.05.20"]
[Round "4.9"]
[White "Kitsis, Stan"]
[Black "Hui, Jeremy"]
[Result "1/2-1/2"]
[WhiteElo "2197"]
[BlackElo "2225"]
[PlyCount "84"]
[EventDate "2018.05.19"]
[EventType "swiss"]
[EventRounds "6"]
[EventCountry "CAN"]

1. d4 Nf6 2. Bf4 d5 3. e3 c5 4. c3 Nc6 5. Nd2 e6 6. Bd3 Bd6 7. Bg3 O-O 8. Ngf3
b6 9. Ne5 Bb7 10. O-O Ne7 11. Qf3 Qc7 12. Rad1 Ng6 13. Nxg6 hxg6 14. Bxd6 Qxd6
15. Rfe1 Rfe8 16. e4 e5 17. dxc5 Qxc5 18. exd5 Bxd5 19. Ne4 Nxe4 20. Bxe4 Bxe4
21. Qxe4 Rad8 22. h3 Rd6 23. Rxd6 Qxd6 24. Qe2 Rd8 25. Qxe5 Qxe5 26. Rxe5 Rd1+
27. Kh2 Rd2 28. Re8+ Kh7 29. Re7 Rxf2 30. Rxa7 Rxb2 31. a4 Ra2 32. Ra6 Ra3 33.
Rxb6 Rxc3 34. a5 Ra3 35. Ra6 Kh6 36. Ra8 Kg5 37. a6 Kf6 38. a7 Kg5 39. g3 Ra2+
40. Kg1 Kf5 41. Kf1 Kg5 42. Kg1 Kf5 1/2-1/2

[Event "Paul Keres mem. (43rd)"]
[Site "Richmond CAN"]
[Date "2018.05.20"]
[Round "4.10"]
[White "Patterson, Roger"]
[Black "Schnabel, Bennett"]
[Result "0-1"]
[WhiteElo "2103"]
[BlackElo "2101"]
[PlyCount "88"]
[EventDate "2018.05.19"]
[EventType "swiss"]
[EventRounds "6"]
[EventCountry "CAN"]

1. c4 f5 2. Nc3 Nf6 3. g3 g6 4. Bg2 Bg7 5. d4 d6 6. Nf3 O-O 7. O-O c6 8. d5 e5
9. dxe6 Bxe6 10. Nd2 d5 11. cxd5 Nxd5 12. Nxd5 Bxd5 13. e4 fxe4 14. Nxe4 Nd7
15. Qc2 Ne5 16. Bf4 Qb6 17. b3 Ng4 18. Rad1 Bd4 19. Ng5 Rf5 20. Bxd5+ cxd5 21.
Nf3 Bc5 22. Nh4 Rh5 23. h3 Nxf2 24. Rxf2 Rf8 25. Kg2 Bxf2 26. Qxf2 Qxf2+ 27.
Kxf2 Rxh4 28. Kg2 Rhxf4 29. gxf4 Rd8 30. Rd4 Kf7 31. Kf3 Ke6 32. Ke3 b6 33. Kd3
Rc8 34. a4 Rc1 35. Kd2 Rh1 36. f5+ Kxf5 37. Rxd5+ Kf4 38. Rd3 h5 39. Ke2 Rh2+
40. Kf1 g5 41. Rc3 Rb2 42. Rd3 h4 43. Rc3 Rd2 44. Ke1 Rg2 0-1

[Event "Paul Keres mem. (43rd)"]
[Site "Richmond CAN"]
[Date "2018.05.20"]
[Round "4.13"]
[White "Angelvette, Duane"]
[Black "Verdon, Norman"]
[Result "0-1"]
[WhiteElo "1500"]
[BlackElo "2082"]
[PlyCount "34"]
[EventDate "2018.05.19"]
[EventType "swiss"]
[EventRounds "6"]
[EventCountry "CAN"]

1. d4 e6 2. Nf3 d5 3. Bf4 c5 4. e3 Qb6 5. Nc3 a6 6. Rb1 Nc6 7. dxc5 Bxc5 8. Na4
Qa5+ 9. c3 Be7 10. b4 Nxb4 11. cxb4 Bxb4+ 12. Rxb4 Qxb4+ 13. Nd2 Bd7 14. Qa1
Bxa4 15. Qxg7 Rc8 16. Qxh8 Rc1+ 17. Ke2 Bd1+ 0-1

[Event "Paul Keres mem. (43rd)"]
[Site "Richmond CAN"]
[Date "2018.05.21"]
[Round "5.1"]
[White "Nyamdorj, Davaa-Ochir"]
[Black "Sohal, Tanraj"]
[Result "0-1"]
[WhiteElo "2246"]
[BlackElo "2364"]
[PlyCount "122"]
[EventDate "2018.05.19"]
[EventType "swiss"]
[EventRounds "6"]
[EventCountry "CAN"]

1. d4 Nf6 2. Bf4 e6 3. e3 c5 4. Nf3 b6 5. Nbd2 Bb7 6. Nc4 cxd4 7. exd4 d6 8.
Bd3 Be7 9. h3 O-O 10. a4 Qc7 11. c3 Nbd7 12. O-O Rfe8 13. Re1 Nf8 14. Na3 Ng6
15. Bh2 a6 16. Ng5 Qc6 17. Ne4 Nd5 18. Bf1 f5 19. Nd2 Ndf4 20. f3 Bf8 21. Qb3
Kh8 22. Qc4 Qd7 23. Qb3 Qd8 24. Kh1 Qg5 25. Nac4 Rab8 26. Ne3 Nh5 27. Qc2 Ng3+
28. Kg1 Nf4 29. Kf2 Nh1+ 30. Kg1 Ng3 31. Kf2 Nxf1 32. Ndxf1 d5 33. Bxf4 Qxf4
34. g3 Qh6 35. Kg2 Bd6 36. Qe2 Qg6 37. Qd3 a5 38. Kh2 Bc6 39. f4 Qh6 40. h4 g5
41. fxg5 Qxh4+ 42. Kg2 Qxg5 43. Kf2 b5 44. Ng2 bxa4 45. Re2 Bb5 46. Qd2 Qg6 47.
Re3 Rg8 48. Rf3 Qf6 49. Nf4 Bd7 50. Re1 a3 51. bxa3 Bxa3 52. Qe3 Bd6 53. Re2 a4
54. Nh5 Qg5 55. Nf4 a3 56. Nxe6 Qxe3+ 57. Rfxe3 Rb2 58. Nf4 Bxf4 59. gxf4 a2
60. Rxb2 a1=Q 61. Rbe2 Bb5 0-1

[Event "Paul Keres mem. (43rd)"]
[Site "Richmond CAN"]
[Date "2018.05.21"]
[Round "5.3"]
[White "Findlay, Ian"]
[Black "MacKinnon, Keith"]
[Result "1/2-1/2"]
[WhiteElo "2314"]
[BlackElo "2282"]
[PlyCount "40"]
[EventDate "2018.05.19"]
[EventType "swiss"]
[EventRounds "6"]
[EventCountry "CAN"]

1. e4 c5 2. Nf3 e6 3. d4 cxd4 4. Nxd4 a6 5. Nc3 Qc7 6. Be2 b5 7. Bf3 Bb7 8. O-O
Nc6 9. Nxc6 dxc6 10. a4 e5 11. axb5 axb5 12. Rxa8+ Bxa8 13. Be3 Nf6 14. Qa1 Bb7
15. Qa7 Be7 16. Bb6 Qc8 17. Bc5 Qa8 18. Qxa8+ Bxa8 19. Ra1 Bb7 20. Bb6 Kd7
1/2-1/2

[Event "Paul Keres mem. (43rd)"]
[Site "Richmond CAN"]
[Date "2018.05.21"]
[Round "5.4"]
[White "Sali, Zulfikar"]
[Black "Yoos, John"]
[Result "1-0"]
[WhiteElo "2264"]
[BlackElo "2361"]
[PlyCount "193"]
[EventDate "2018.05.19"]
[EventType "swiss"]
[EventRounds "6"]
[EventCountry "CAN"]

1. e4 c5 2. Nf3 d6 3. d4 cxd4 4. Nxd4 Nf6 5. Nc3 Nc6 6. Bc4 Bd7 7. O-O e6 8.
Be3 Be7 9. a4 O-O 10. h3 a6 11. Nb3 Na5 12. Nxa5 Qxa5 13. Qd3 Bc6 14. Bd2 Qc7
15. Bb3 Nd7 16. Qg3 Nc5 17. Rfe1 Nxb3 18. cxb3 Rfd8 19. a5 Rd7 20. Rad1 Qd8 21.
Bh6 Bf8 22. b4 Rc8 23. Bg5 Qc7 24. Bf4 Kh8 25. Re2 Qd8 26. Red2 d5 27. exd5
exd5 28. Rd4 g6 29. Bg5 f6 30. Be3 Bd6 31. Bf4 Be7 32. Qd3 g5 33. Be3 Qg8 34.
Qf5 Rcd8 35. h4 Qg6 36. Qxg6 hxg6 37. hxg5 Kg7 38. Rg4 f5 39. Rh4 Kg8 40. Ne2
Bf8 41. Bd4 Rh7 42. Rxh7 Kxh7 43. Bc3 Re8 44. Nf4 Be7 45. Nh3 Bd6 46. f3 Kg8
47. Kf2 Kf7 48. g3 Bb5 49. Ng1 Bc4 50. Rd2 Rb8 51. f4 Re8 52. Nf3 Re4 53. Nd4
Bb8 54. b3 Bb5 55. Nxb5 axb5 56. Rxd5 Ba7+ 57. Kf1 Re3 58. Be1 Rf3+ 59. Ke2
Rxb3 60. Rd7+ Ke6 61. Rxb7 Bd4 62. Rxb5 Ra3 63. Rb8 Kd5 64. b5 Ra2+ 65. Kd3
Ra3+ 66. Kc2 Ra2+ 67. Kb3 Rb2+ 68. Ka3 Re2 69. Bb4 Kc4 70. b6 Kb5 71. Rd8 Re3+
72. Ka2 Re2+ 73. Kb3 Rb2+ 74. Ka3 Rxb4 75. b7 Ra4+ 76. Kb3 Rb4+ 77. Kc2 Ba7 78.
b8=Q+ Bxb8 79. Rxb8+ Kxa5 80. Ra8+ Kb5 81. Rg8 Kc4 82. Rxg6 Ra4 83. Rf6 Ra2+
84. Kb1 Rg2 85. Rxf5 Rxg3 86. Kc2 Rg2+ 87. Kc1 Kc3 88. Rc5+ Kd4 89. Ra5 Ke3 90.
Rf5 Kd3 91. Rf6 Kc3 92. Rc6+ Kd3 93. g6 Rf2 94. g7 Rg2 95. Rc7 Kd4 96. Re7 Kc3
97. Kd1 1-0

[Event "Paul Keres mem. (43rd)"]
[Site "Richmond CAN"]
[Date "2018.05.21"]
[Round "5.5"]
[White "Orlov, Georgi"]
[Black "Wu, Howard"]
[Result "1-0"]
[WhiteElo "2526"]
[BlackElo "2172"]
[PlyCount "85"]
[EventDate "2018.05.19"]
[EventType "swiss"]
[EventRounds "6"]
[EventCountry "CAN"]

1. Nf3 Nf6 2. c4 g6 3. Nc3 Bg7 4. e4 d6 5. d4 O-O 6. Be2 e5 7. O-O Nc6 8. d5
Ne7 9. b4 a5 10. bxa5 Rxa5 11. Nd2 b6 12. Nb3 Ra8 13. a4 Nd7 14. a5 c5 15. dxc6
Nxc6 16. Ba3 bxa5 17. Bxd6 Re8 18. Nb5 Bb7 19. Nc7 Nd4 20. Nxa8 Bxa8 21. c5
Bxe4 22. Nxd4 exd4 23. Bb5 Qg5 24. f3 Bf5 25. f4 Qd8 26. Rc1 Re3 27. Qd2 Nf6
28. Ra1 Rc3 29. Qa2 Rc2 30. Qxa5 Qxa5 31. Rxa5 Be4 32. Re1 h5 33. Bf1 d3 34.
Be5 d2 35. Rd1 Nd7 36. Bxg7 Kxg7 37. Ra4 Nf6 38. Rc4 Rb2 39. c6 Bf5 40. c7 Bg4
41. c8=Q Bxd1 42. Rd4 Bg4 43. Qc3 1-0

[Event "Paul Keres mem. (43rd)"]
[Site "Richmond CAN"]
[Date "2018.05.21"]
[Round "5.6"]
[White "Hemstapat, Andrew"]
[Black "Cheng, Louis"]
[Result "1-0"]
[WhiteElo "2242"]
[BlackElo "2112"]
[PlyCount "115"]
[EventDate "2018.05.19"]
[EventType "swiss"]
[EventRounds "6"]
[EventCountry "CAN"]

1. e4 c5 2. Nf3 d6 3. d4 cxd4 4. Nxd4 Nf6 5. Nc3 a6 6. Bg5 e6 7. f4 Nbd7 8. Qf3
Qc7 9. O-O-O Be7 10. g4 h6 11. Bxf6 Bxf6 12. h4 b6 13. g5 Bxd4 14. Rxd4 Bb7 15.
Bh3 hxg5 16. hxg5 O-O-O 17. Rhd1 Nf8 18. Nd5 Bxd5 19. exd5 Kb8 20. R1d3 Qe7 21.
Ra3 Qb7 22. Rda4 Qxd5 23. Qxd5 exd5 24. Rxa6 Ne6 25. Bxe6 fxe6 26. Rxb6+ Kc7
27. Rb4 Rh1+ 28. Kd2 Rh2+ 29. Kd3 Rh3+ 30. Kd4 Rxa3 31. bxa3 Ra8 32. a4 g6 33.
c4 Ra5 34. Ke3 dxc4 35. Rxc4+ Kb6 36. Re4 e5 37. fxe5 dxe5 38. Rb4+ Kc6 39. Ke4
Kd7 40. Rb6 Ke7 41. Rxg6 Rxa4+ 42. Kxe5 Ra5+ 43. Ke4 Rxa2 44. Rf6 Ra5 45. Kf4
Rb5 46. Kg4 Rb8 47. Kf5 Ra8 48. Rb6 Rf8+ 49. Kg6 Rg8+ 50. Kh6 Rh8+ 51. Kg7 Rh1
52. g6 Rg1 53. Kg8 Rg2 54. g7 Rh2 55. Rb4 Re2 56. Rf4 Rh2 57. Re4+ Kf6 58. Kf8
1-0